| 000 | 00963nas a2200289 4500 | ||
|---|---|---|---|
| 001 | BR8501309 | ||
| 003 | BR-BrBNA | ||
| 005 | 20231205090139.0 | ||
| 007 | ta | ||
| 008 | 230509b bl.|||p| |||| 00| 00por d | ||
| 040 |
_aBR-BrBNA _bpor _cBiblioteca Nacional de Agricultura |
||
| 041 | _a(Pt) | ||
| 072 | _aH70 | ||
| 100 | 1 | _aBitran, E.A. | |
| 100 | 1 | _aCampos, T.B. | |
| 100 | 1 | _aSantiago, I.M. | |
| 245 | 1 | _aAvaliacao da fosfina no expurgo de sementes de milho em sacos de papel kraft multifoliados [Zea mays, gorgulho] | |
| 246 | 1 | _aAssessing the efficiency of phosphine in the fumigation of maize seeds kept in multiwall kraft paper bags [Zea mays, weevil] | |
| 650 | _aMILHO | ||
| 650 | _aSEMENTE | ||
| 650 | _aGORGULHO | ||
| 650 | _aFOSFINA | ||
| 650 | _aEXPURGO | ||
| 773 | 0 |
_tRevista Brasileira de Sementes (Brazil) _xISSN 0101-3122 _g(1984), v. 6(3) p. 51-60 _wBR8501309 |
|
| 909 |
_a202311 _bLúcia _c55 _dLúcia Elande |
||
| 942 |
_2AGRIS _n0 _cANA |
||
| 999 |
_c116410 _d116410 |
||